| 000 | 00767nam a22002177a 4500 | ||
|---|---|---|---|
| 999 |
_c2115 _d2115 |
||
| 003 | AR-CdUCM | ||
| 008 | 190304b ||||| |||| 00| 0 spa d | ||
| 040 |
_aMUNICIPALIDAD PROVINCIAL DEL CUSCO _cBIBLIOTECA MUNICIPAL DEL CUSCO |
||
| 082 |
_bM16 _a343.3 / |
||
| 100 |
_aMahieu, Jaime Maria De _97636 |
||
| 245 | _aEl estado comunitario / | ||
| 260 |
_aBuenos Aires : _bArayú, _c1962. |
||
| 300 |
_a181 paginas ; _c20 cm. |
||
| 505 | _aEl estado, órgano comunitario -- El estado, producto y factor de la historia -- Estructura del estado -- Dinámica del estado -- Soberanía del estado ... | ||
| 650 |
_aEstado _9738 |
||
| 650 |
_aInstituciones políticas _97637 |
||
| 650 |
_aSoberanía _97638 |
||
| 650 |
_aTeoría _95077 |
||
| 942 |
_2ddc _cLIBROS |
||
| 945 | _aacv | ||